000 00654cam a22002293a 4500
001 26496
003 PGUSA
005 20140828083554.0
008 080831s2008||||xxu|||||s|||||000 | eng d
040 _aPGUSA
_beng
042 _adc
050 4 _aNE
100 1 _aMorse, Peter
245 1 0 _aRembrandt's Etching Technique :
_bAn Example
_h[electronic resource] /
_cPeter Morse
260 _bProject Gutenberg,
_c2008
506 _aPublic domain in the USA.
516 _aElectronic text
653 _aRembrandt Harmenszoon van Rijn, 1606-1669
830 0 _aProject Gutenberg
_v26496
856 4 0 _uhttp://www.gutenberg.org/ebooks/26496
942 _cEB
999 _c255751
_d255751